|
|
|
|
| LEADER |
01320nam a2200253 a 4500 |
| 001 |
GR-MES14035 |
| 008 |
071203s gr 000 0 gre d |
| 020 |
|
|
|a 9607017595
|
| 040 |
|
|
|a GrPaTEI
|b gre
|c GR-PaULI
|
| 040 |
|
|
|a GrPaTEI
|b gre
|c GR-PaULI
|
| 082 |
|
0 |
|a 421
|
| 245 |
0 |
0 |
|a High point /
|c H. Rutten ; F.Russvelt , editors P. Mazarakis-W. Chuckney.
|
| 260 |
|
|
|a [Athens] :
|b Hellenic Publishing,
|c 1993
|
| 300 |
|
|
|a 143σ. :
|b έγχρ. εικ. ;
|c 28εκ.
|
| 490 |
0 |
|
|a The Notting Hill gate series. 1
|
| 650 |
|
0 |
|a English language
|x Study and teaching
|x Foreign speakers
|
| 700 |
0 |
|
|a Russvelt F.
|
| 700 |
0 |
|
|a Rutten H
|
| 942 |
|
|
|2 ddc
|
| 952 |
|
|
|0 0
|1 0
|2 ddc
|4 0
|6 421_000000000000000_RUT
|7 1
|9 272312
|a LISK
|b LISK
|c BSC
|d 2021-01-17
|e 24
|f 0
|g 0.00
|l 0
|o 421 RUT
|p 99241000061379
|r 2021-01-17 00:00:00
|t 1
|w 2021-01-17
|y BKN
|x Purchase/Donation Number
|x General Note
|x GrPaTEI
|
| 952 |
|
|
|0 0
|1 0
|2 ddc
|4 0
|6 421_000000000000000_RUT
|7 0
|9 272313
|a MSLG
|b MSLG
|c BSC
|d 2021-01-17
|e 24
|f 0
|g 0.00
|l 0
|o 421 RUT
|p 2420000022959
|r 2021-01-17 00:00:00
|t 1
|w 2021-01-17
|y BK15
|x 20071203 0 1
|x GrPaTEI
|
| 952 |
|
|
|0 0
|1 0
|2 ddc
|4 0
|6 421_000000000000000_RUT
|7 0
|9 272314
|a MSLG
|b MSLG
|c BSC
|d 2021-01-17
|e 24
|f 0
|g 0.00
|l 0
|o 421 RUT
|p 2420000022960
|r 2021-01-17 00:00:00
|t 1
|w 2021-01-17
|y BK15
|x 20071203 0 1
|x GrPaTEI
|
| 971 |
|
|
|a .b2580084x
|b 01-10-20
|c 13-09-16
|
| 999 |
|
|
|c 157434
|d 157434
|